Statistiques concernant Les Meilleurs buteurs de la Premier League 2020-2021

Cliquez ici pour prendre le quiz!

Statistiques générales

  • Ce quiz a été pris 128 fois
  • Le résultat moyen est 8 sur 10

Statistiques - réponses

ButsNationalitéClubJoueur% Correct
23AngleterreTottenham Hotspur Harry Kane
100%
22ÉgypteLiverpool Mohamed Salah
100%
17Corée du SudTottenham Hotspur Son Heung-min
99%
18PortugalManchester United Bruno Fernandes
93%
15AngleterreLeicester City Jamie Vardy
93%
13AllemagneManchester Cityİlkay Gündoğan
84%
13FranceArsenalAlexandre Lacazette
83%
14AngleterreAston Villa Ollie Watkins
59%
16AngleterreEverton Dominic Calvert-Lewin
50%
17AngleterreLeeds UnitedPatrick Bamford
47%

Distribution des résultats

Percentile par nombre de réponses

% des personnes avec chaque résultat

Votre développement - résultats

Vous n’avez pas pris ce quiz